Total facility management (Record no. 115719)
[ view plain ]
| 000 -LEADER | |
|---|---|
| fixed length control field | 01066cam a22002535a 4500 |
| 001 - CONTROL NUMBER | |
| control field | L159176 |
| 008 - FIXED-LENGTH DATA ELEMENTS--GENERAL INFORMATION | |
| fixed length control field | 160225s2015 xxk f 000 0 eng d |
| 020 ## - INTERNATIONAL STANDARD BOOK NUMBER | |
| International Standard Book Number | 978118866382 |
| 035 ## - SYSTEM CONTROL NUMBER | |
| System control number | (Sirsi) u159176 |
| 041 0# - LANGUAGE CODE | |
| Language code of text/sound track or separate title | eng |
| 050 04 - LIBRARY OF CONGRESS CALL NUMBER | |
| Classification number | 658.2 |
| 100 1# - MAIN ENTRY--PERSONAL NAME | |
| Personal name | Atkin, Brian |
| 245 00 - TITLE STATEMENT | |
| Title | Total facility management |
| 250 ## - EDITION STATEMENT | |
| Edition statement | 4th ed |
| 260 ## - PUBLICATION, DISTRIBUTION, ETC. | |
| Place of publication, distribution, etc. | Chichester |
| Name of publisher, distributor, etc. | Wiley Blackwell |
| Date of publication, distribution, etc. | 2015 |
| 300 ## - PHYSICAL DESCRIPTION | |
| Extent | xiiii,390. |
| Other physical details | |
| Dimensions | 24cm |
| 520 ## - SUMMARY, ETC. | |
| Summary, etc. | Looks at the principles and practice of facilities management. Topics covered include facility planning, strategy, human resources, workplace productivity, health and safety, security, outsourcing, procurement, service delivery, building performance management, building maintenance, sustainability issues and change management. Aimed at both the experienced facilities manager as well as a general guide to building owners and occupiers. |
| 520 ## - SUMMARY, ETC. | |
| Summary, etc. | Supersedes 3rd available as an ebook. |
| 590 ## - LOCAL NOTE (RLIN) | |
| Local note | KA |
| 651 #4 - SUBJECT ADDED ENTRY--GEOGRAPHIC NAME | |
| Geographic name | United Kingdom |
| Chronological subdivision | |
| 690 ## - LOCAL SUBJECT ADDED ENTRY--TOPICAL TERM (OCLC, RLIN) | |
| Topical term or geographic name as entry element | Facilities management |
| 9 (RLIN) | 6240 |
| 700 1# - ADDED ENTRY--PERSONAL NAME | |
| Personal name | Brooks, Adrian |
| 942 ## - ADDED ENTRY ELEMENTS (KOHA) | |
| Suppress in OPAC | 0 |
| Withdrawn status | Lost status | Source of classification or shelving scheme | Damaged status | Not for loan | Home library | Current library | Shelving location | Date acquired | Total Checkouts | Full call number | Barcode | Date last seen | Copy number | Price effective from | Koha item type |
|---|---|---|---|---|---|---|---|---|---|---|---|---|---|---|---|
| Dewey Decimal Classification | London | London | Books | 25/02/2016 | 658.2 ATK | 30075261 | 06/08/2019 | 1 | 06/08/2019 | Book |